| Tag |
First Indicator |
Second Indicator |
Subfields |
| LEADER |
00000cam a2200000 a 4500 |
| 001 |
in00002787894 |
| 005 |
20211120170515.0 |
| 006 |
m o d f |
| 007 |
cr bn| |
| 008 |
121102s2012 dcu ob f000 0 eng c |
| 035 |
|
|
|a (OCoLC)ocn815749590
|
| 040 |
|
|
|a GPO
|b eng
|c GPO
|d GPO
|d OCLCQ
|d GPO
|d MvI
|d UtOrBLW
|
| 042 |
|
|
|a pcc
|
| 043 |
|
|
|a n-us---
|a a-cc---
|
| 049 |
|
|
|a WWW
|
| 050 |
1 |
4 |
|a KF27
|b .W348 2007e
|
| 074 |
|
|
|a 1028-C (online)
|
| 086 |
0 |
|
|a Y 4.W 36:110-24
|z Y 4.W 36:110-24/2
|
| 088 |
|
|
|a Serial no. 110-24 (United States. Congress. House. Committee on Ways and Means)
|
| 110 |
1 |
|
|a United States.
|b Congress.
|b House.
|b Committee on Ways and Means.
|b Subcommittee on Trade.
|
| 245 |
1 |
0 |
|a Hearing on H.R. 1229 :
|b the Nonmarket Economy Trade Remedy Act of 2007 : hearing before the Subcommittee on Trade of the Committee on Ways and Means, U.S. House of Representatives, U.S. House of Representatives, One Hundred Tenth Congress, first session, March 15, 2007.
|
| 246 |
3 |
0 |
|a H.R. 1229 : the Nonmarket Economy Trade Remedy Act of 2007
|
| 246 |
3 |
0 |
|a Nonmarket Economy Trade Remedy Act of 2007
|
| 264 |
|
1 |
|a Washington :
|b U.S. G.P.O.,
|c 2012.
|
| 300 |
|
|
|a 1 online resource (iii, 76 pages)
|
| 336 |
|
|
|a text
|b txt
|2 rdacontent
|
| 337 |
|
|
|a computer
|b c
|2 rdamedia
|
| 338 |
|
|
|a online resource
|b cr
|2 rdacarrier
|
| 500 |
|
|
|a Title from title screen (viewed on Nov. 2, 2012).
|
| 500 |
|
|
|a "Serial number 110-24."
|
| 504 |
|
|
|a Includes bibliographical references.
|
| 500 |
|
|
|a Electronic resource.
|
| 650 |
|
0 |
|a Antidumping duties
|x Law and legislation
|z United States.
|
| 650 |
|
0 |
|a Dumping (International trade)
|x Law and legislation
|z United States.
|
| 650 |
|
0 |
|a Foreign trade regulation
|z United States.
|
| 651 |
|
0 |
|a United States
|x Commerce
|z China.
|
| 651 |
|
0 |
|a China
|x Commerce
|z United States.
|
| 776 |
0 |
8 |
|i Microfiche:
|a United States. Congress. House. Committee on Ways and Means. Subcommittee on Trade.
|t Hearing on H.R. 1229 : the Nonmarket Economy Trade Remedy Act of 2007
|w (OCoLC)713641312
|
| 776 |
0 |
8 |
|i Print version:
|a United States. Congress. House. Committee on Ways and Means. Subcommittee on Trade.
|t Hearing on H.R. 1229 : the Nonmarket Economy Trade Remedy Act of 2007
|w (OCoLC)694455211
|
| 856 |
4 |
0 |
|u https://purl.fdlp.gov/GPO/gpo30847
|t 0
|
| 999 |
|
|
|a MARS
|
| 999 |
f |
f |
|s e64a80f2-f256-371c-afe0-3b0e36daf851
|i b16a24d5-089d-3f45-a454-8716a6b41608
|t 0
|
| 952 |
f |
f |
|a Texas A&M University
|b College Station
|c Electronic Resources
|d Available Online
|t 0
|e Y 4.W 36:110-24
|h Superintendent of Documents classification
|
| 998 |
f |
f |
|a Y 4.W 36:110-24
|t 0
|l Available Online
|